| 000 | 00552nam a22001577a 4500 | ||
|---|---|---|---|
| 020 | _a978-0-262-13360-9 | ||
| 082 |
_223rd _a401.430285635 MAN |
||
| 100 | _aManning, Christopher D. | ||
| 245 |
_aFoundations of statistical natural language processing _cChristopher D.Manning and Hinrich Schutze |
||
| 260 |
_aCambridge _bThe MIT Press _c1999 |
||
| 300 |
_axxxvii,680p.:ill.; _c25cm. |
||
| 650 | _aNatural language processing (Computer science) | ||
| 650 | _aComputational linguistics | ||
| 700 | _aSchutze, Hinrich | ||
| 856 | _uwww.mitpress.mit.edu. | ||
| 999 |
_c162197 _d162197 |
||